Les 10 villes d'Italie les plus peuplées commençant par B - Statistiques

Statistiques générales
  • Ce quiz a été pris 45 fois
  • Le résultat moyen est 4 sur 10
Statistiques - réponses
# Ville Population % Correct
2 Bari 316.140
93%
1 Bologne 392.203
86%
4 Bergame 120.390
66%
3 Brescia 196.586
55%
8 Brindisi 82.836
34%
9 Bénévent 57.456
23%
6 Barletta 92.226
7%
5 Bolzane 106.918
7%
10 Bisceglie 54.214
2%
7 Busto Arsizio 83.056
2%
Aucun quiz correspondant
Distribution des résultats
% des personnes avec chaque résultat
Percentile par nombre de réponses
Votre historique - résultats
Vous n’avez pas pris ce quiz